000 01117nam a2200313 a 4500
001 000024429
005 20240514073717.0
008 110127s1991 ve r 000 0 spa d
020 _a9800109471
040 _aDO-SdBNP
_bspa
_cBNPHU
041 1 7 _aspa
_heng
_2Código de idioma MARC
082 _a170
_bW721e
100 1 _aWilliams, Bernard,
_d1929-2003.
_950079
240 1 0 _aEthics and the limits of philosophy.
_lEspañol.
245 1 0 _aLa ética y los límites de la filosofía /
_cBernard Williams ; traducción Luis Castro Leiva.
260 _aCaracas, Venezuela :
_bMonte Ávila Editores Latinoamericana,
_c1991.
300 _a262, [4] p. ;
_c24 cm.
490 1 _aPensamiento filosófico
500 _aIncluye notas al pie de las páginas
504 _aIncluye referencias bibliográficas
534 _aTítulo original:
_tEthics and the limits of philosophy
650 0 _aÉtica
_9509
650 0 _aFilosofía
_9813
650 4 _aBien y mal
_91306
650 4 _aRelativismo ético
_950080
700 1 _aCastro Leiva, Luis
_etr.
_950081
830 0 _aPensamiento filosófico
_950082
049 _aBNGR
999 _c23922
_d23922